000 00421nam a2200181Ia 4500
005 20240823051635.0
008 240823s9999||||xx |||||||||||||| ||und||
041 _aENGLISH
082 _A629.222 N2
100 _aCrouse and Anglin
245 0 _aAutomotive Mechanics
250 _a9th
260 _c1992
_b"TMH,New Delhi"
500 _aTRANSFERED
650 _aMachine
_bMechanical
942 _cBK
999 _c220044
_d220044